<?xml version="1.0" encoding="UTF-8"?>
<collection xmlns="http://www.loc.gov/MARC21/slim">
<record>
  <controlfield tag="001">110990</controlfield>
  <controlfield tag="005">20220309093105.0</controlfield>
  <datafield tag="037" ind1=" " ind2=" ">
    <subfield code="a">TAZ-TFM-2020-270</subfield>
  </datafield>
  <datafield tag="041" ind1=" " ind2=" ">
    <subfield code="a">spa</subfield>
  </datafield>
  <datafield tag="100" ind1="1" ind2=" ">
    <subfield code="a">Abad Vélaz, Oier</subfield>
  </datafield>
  <datafield tag="242" ind1="0" ind2="0">
    <subfield code="a">Rivaroxaban versus enoxaparin for thromboprophylaxis in orthopedic surgery: a meta-analysis</subfield>
  </datafield>
  <datafield tag="245" ind1="0" ind2="0">
    <subfield code="a">Rivaroxaban frente a enoxaparina como tromboprofilaxis en Cirugía Ortopédica y Traumatología: un metaanálisis</subfield>
  </datafield>
  <datafield tag="260" ind1=" " ind2=" ">
    <subfield code="a">Zaragoza</subfield>
    <subfield code="b">Universidad de Zaragoza</subfield>
    <subfield code="c">2020</subfield>
  </datafield>
  <datafield tag="506" ind1=" " ind2=" ">
    <subfield code="a">by-nc-sa</subfield>
    <subfield code="b">Creative Commons</subfield>
    <subfield code="c">3.0</subfield>
    <subfield code="u">http://creativecommons.org/licenses/by-nc-sa/3.0/</subfield>
  </datafield>
  <datafield tag="520" ind1=" " ind2=" ">
    <subfield code="a">Introducción: La enfermedad tromboembólica venosa está altamente asociada a las intervenciones ortopédicas, siendo la tromboprofilaxis una prioridad para el cirujano ortopédico. Los nuevos anticoagulantes orales presentan ventajas claras para la práctica clínica diaria.&lt;br />Objetivos: Analizar la eficacia y la seguridad del rivaroxaban frente a la enoxaparina como tromboprofilaxis tras distintas intervenciones ortopédicas como en situaciones representativas de nuestro entorno.&lt;br />Material y métodos: Se realizó una búsqueda bibliográfica sistematizada de ensayos clínicos de alta calidad en las distintas bases de datos. Se recogieron datos de variables de eficacia clínica (trombosis venosa profunda asintomática o sintomática, embolia pulmonar, muerte) y seguridad clínica (hemorragia mayor, hemorragia clínicamente relevante).&lt;br />Resultados:  6 ensayos clínicos aleatorizados y enmascarados fueron seleccionados para el metaanálisis. El rivaroxaban mostró una mejor eficacia clínica tras distintas intervenciones ortopédicas (RR: 0.51; IC 95%: 0.36-0.73; p=0.0002) como en situaciones representativas de nuestra práctica clínica (RR: 0.50; IC 95%: 0.34-0.72; p=0.0003). Se observó mayor beneficio y homogeneidad en los resultados al analizar únicamente la trombosis venos profunda sintomática (RR: 0.43; IC 95%: 0.28-0.65; p&lt;0.0001; I2= 0%; p=0.49). Además, no se apreció mayor riesgo hemorrágico estadísticamente significativo con el rivaroxaban (RR: 1.20; IC 95%: 0.97-1.49; p= 0.09).&lt;br />Conclusiones: el rivaroxaban debería ser considerado como una alternativa terapéutica más eficaz, económica y con mayor expectativa de cumplimiento terapéutico respecto a la enoxaparina empleada de manera rutinaria en nuestro entorno. &lt;br />Palabras clave: “rivaroxaban”, “enoxaparina”, “tromboembolismo venoso”, “cirugía ortopédica”, “metaanálisis”.&lt;br />&lt;br /></subfield>
  </datafield>
  <datafield tag="521" ind1=" " ind2=" ">
    <subfield code="a">Máster Universitario en Iniciación a la Investigación en Medicina</subfield>
  </datafield>
  <datafield tag="540" ind1=" " ind2=" ">
    <subfield code="a">Derechos regulados por licencia Creative Commons</subfield>
  </datafield>
  <datafield tag="700" ind1=" " ind2=" ">
    <subfield code="a">CARBONEL BUENO, IGNACIO</subfield>
    <subfield code="e">dir.</subfield>
  </datafield>
  <datafield tag="710" ind1="2" ind2=" ">
    <subfield code="a">Universidad de Zaragoza</subfield>
    <subfield code="b"> </subfield>
    <subfield code="c"></subfield>
  </datafield>
  <datafield tag="856" ind1="0" ind2=" ">
    <subfield code="f">669071@unizar.es</subfield>
  </datafield>
  <datafield tag="856" ind1="4" ind2=" ">
    <subfield code="s">911295</subfield>
    <subfield code="u">http://zaguan.unizar.es/record/110990/files/TAZ-TFM-2020-270.pdf</subfield>
    <subfield code="y">Memoria (spa)</subfield>
  </datafield>
  <datafield tag="909" ind1="C" ind2="O">
    <subfield code="o">oai:zaguan.unizar.es:110990</subfield>
    <subfield code="p">driver</subfield>
    <subfield code="p">trabajos-fin-master</subfield>
  </datafield>
  <datafield tag="950" ind1=" " ind2=" ">
    <subfield code="a"></subfield>
  </datafield>
  <datafield tag="980" ind1=" " ind2=" ">
    <subfield code="a">TAZ</subfield>
    <subfield code="b">TFM</subfield>
    <subfield code="c">MED</subfield>
  </datafield>
  <datafield tag="999" ind1=" " ind2=" ">
    <subfield code="a">20200626174435.CREATION_DATE</subfield>
  </datafield>
  <datafield tag="951" ind1=" " ind2=" ">
    <subfield code="a">deposita:2022-03-09</subfield>
  </datafield>
</record>
</collection>